All WrestleMania's Main Event Winners - Statistics

General Stats
  • This quiz has been taken 86 times
  • The average score is 31 of 38
Answer Stats
Question Answer % Correct
WrestleMania I (Tag team match with Muhammad Ali and Pat Patterson as special guest referees) Hulk Hogan and Mr. T (with Jimmy Snuka)
94%
WrestleMania 2 (Steel Cage match for the WWF World Heavyweight Championship) Hulk Hogan (c)
94%
WrestleMania 35 (Winner Takes All triple threat match for the WWE Raw Women's Championship and WWE SmackDown Women's Championship) Becky Lynch
88%
WrestleMania XXX (Triple threat match for the WWE World Heavyweight Championship) Daniel Bryan
88%
WrestleMania 36 (Night Two) (Singles match for the WWE Championship) Drew McIntyre
88%
WrestleMania VII (Singles match for the WWF World Heavyweight Championship) Hulk Hogan
88%
WrestleMania III (Singles match for the WWF World Heavyweight Championship) Hulk Hogan (c)
88%
WrestleMania 29 [WrestleMania NY/NJ] (Singles match for the WWE Championship) John Cena
88%
WrestleMania 31 (Triple threat match for the WWE World Heavyweight Championship) Seth Rollins
88%
WrestleMania XXVII (Singles match for the WWE Championship) The Miz (c) (with Alex Riley)
88%
WrestleMania XXVIII (Singles match) The Rock
88%
WrestleMania VI (Singles match for the WWF Intercontinental Championship and WWF World Heavyweight Championship) The Ultimate Warrior (Intercontinental Champion)
88%
WrestleMania XXIV (Singles match for the World Heavyweight Championship) The Undertaker
88%
WrestleMania XXVI (No Disqualification Streak vs. Career match) The Undertaker
88%
WrestleMania 36 (Night One) (Boneyard match) The Undertaker
88%
WrestleMania IX (Singles match for the WWF World Heavyweight Championship) Yokozuna (with Mr. Fuji)
88%
WrestleMania 21 (Singles match for the World Heavyweight Championship) Batista
82%
WrestleMania XIX (Singles match for the WWE Championship) Brock Lesnar
82%
WrestleMania 34 (Singles match for the WWE Universal Championship) Brock Lesnar (c) (with Paul Heyman)
82%
WrestleMania V (Singles match for the WWF World Heavyweight Championship) Hulk Hogan
82%
WrestleMania VIII (Singles match) Hulk Hogan
82%
WrestleMania IX (after Main Event) (Singles match for the WWF World Heavyweight Championship) Hulk Hogan
82%
WrestleMania 32 (Singles match for the WWE World Heavyweight Championship) Roman Reigns
82%
WrestleMania 33 (No Holds Barred match) Roman Reigns
82%
WrestleMania XIV (Singles match for the WWF World Heavyweight Championship with Mike Tyson as special outside enforcer) Stone Cold Steve Austin
82%
WrestleMania 13 (No Disqualification match for the WWF World Heavyweight Championship) The Undertaker
82%
WrestleMania XX (Triple threat match for the World Heavyweight Championship) Chris Benoit
76%
WrestleMania 22 (Singles match for the WWE Championship) John Cena (c)
76%
WrestleMania 23 (Singles match for the WWE Championship) John Cena (c)
76%
WrestleMania IV (Tournament final for the vacant WWF World Heavyweight Championship) Randy Savage (with Miss Elizabeth)
76%
WrestleMania X8 (Singles match for the Undisputed WWF Championship) Triple H
76%
WrestleMania X (Singles match for the WWF World Heavyweight Championship with Roddy Piper as special guest referee) Bret Hart
71%
WrestleMania XI (Singles match with Pat Patterson as special guest referee) Lawrence Taylor
71%
WrestleMania XII (60-minute Iron Man match for the WWF World Heavyweight Championship) Shawn Michaels (with José Lothario)
71%
WrestleMania XV (No Disqualification match for the WWF Championship with Mankind as the special guest referee) Stone Cold Steve Austin
71%
WrestleMania X-Seven (No Disqualification match for the WWF Championship) Stone Cold Steve Austin
65%
WrestleMania XXV (Singles match for the WWE Championship) Triple H (c)
59%
WrestleMania 2000 [WrestleMania 16] (Fatal four-way elimination match for the WWF Championship) Triple H (c) (with Stephanie McMahon-Helmsley)
59%
No matching quizzes found
Score Distribution
Percent of People with Each Score
Percentile by Number Answered
Your Score History
You have not taken this quiz